000 00801cam a2200277 4500
008 090401t1996 xxu||||| |||| 00| 0 eng d
020 _a0101326025
035 _a(Sirsi) u19434
041 _aeng
110 _aUnited Kingdom
_bDepartment of the Environment
_9982
245 _aGovernment response to the UK Steering Group report on biodiversity.
260 _aLondon
_bHMSO
_c1996
300 _a49p. ; 30p.
350 _a7.9
490 _aCm
_v3260 .
520 _aReply to Biodiversity Steering Group report.
650 _aBIODIVERSITY STEERING GROUP
650 _aBIODIVERSITY
650 _aCONSERVATION
650 _aENDANGERED SPECIES
650 _aWILDLIFE HABITATS
650 _aWILDLIFE
690 _aENVIRONMENTAL AND LAND CONSULTANCY
942 _n0
948 _c04/03/1997
999 _c87679
_d87679